| 000 | 01005nam a2200313Ia 4500 | ||
|---|---|---|---|
| 003 | OSt | ||
| 005 | 20221007121526.0 | ||
| 006 | a|||||r|||| 00| 0 | ||
| 007 | ta | ||
| 008 | 221006b |||||||| |||| 00| 0 eng d | ||
| 020 | _a9781118820124 (HBK) | ||
| 024 | _a200635 | ||
| 037 |
_b67, 05/02/2019, Deepika Book Agency _cTextual |
||
| 040 |
_aBDL _cBDL _beng |
||
| 041 |
_2eng _aeng |
||
| 082 | _aI:(G:F), P8;Q6 Carb | ||
| 100 |
_aStewart C. Neal Ed. _9438982 |
||
| 245 | 0 | _aPlant biotechnology and genetics: Principles, techniques and applications | |
| 250 | _a2 | ||
| 260 |
_aNew _bJersey John Wiley _c2016 |
||
| 300 |
_axxi,406p. col. ill. _ccm. |
||
| 500 | _aIndex 402-406p. | ||
| 650 |
_a Biotechnology on plant agriculture _9712292 |
||
| 650 |
_a Mendelian genetics _9712293 |
||
| 650 | _a Plant breeding | ||
| 650 | _aBotany | ||
| 942 |
_hI:(G:F), P8;Q6 Carb _cTEXL _2CC |
||
| 999 |
_c1208993 _d1208993 |
||